[Event "GX Alekhine Open de Verão semi-rápidas 2023"]
[Site "Lisboa, Portugal"]
[Date "????.??.??"]
[Round "1.2"]
[White "Morais, Vitor Mestre"]
[Black "Maissa, Susana Flora Cesana"]
[Result "1/2-1/2"]
[WhiteElo "1736"]
[BlackElo "1280"]
[PlyCount "86"]

{[%evp 0,86,20,19,76,12,10,6,11,8,8,9,6,10,9,31,22,29,23,10,4,-11,7,7,-13,-16,51,0,-15,-30,-26,-26,-10,-9,-4,-34,4,-33,12,-24,0,2,2,2,2,-5,-11,-3,-3,-12,-18,-18,-18,-20,-26,-33,-16,-14,-15,-7,-13,-7,-11,-11,0,0,11,11,19,7,30,0,-1,-12,8,0,0,0,0,0,0,0,-4,-23,-4,-41,-28,-28,-4]} 1. Nf3 c6 {[%emt 0:00:02]} 2. g3 {[%emt 0:00:04]} d5 {[%emt 0:00:03]} 3. Bg2 Nf6 {[%emt 0:00:17]} 4. O-O {[%emt 0:00:02]} h6 {[%emt 0:00:07]} 5. b3 {[%emt 0:00:03]} Bf5 {[%emt 0:00:11]} 6. Bb2 e6 {[%emt 0:00:22]} 7. d3 Be7 {[%emt 0:00:30]} 8. Nbd2 {[%emt 0:00:02]} O-O {[%emt 0:00:13]} 9. c4 {[%emt 0:00:19]} Nbd7 {[%emt 0:00:51]} 10. Re1 {[%emt 0:00:09]} Bh7 {[%emt 0:00:21]} 11. e4 {[%emt 0:00:14]} dxe4 {[%emt 0:00:23]} 12. dxe4 Qc7 {[%emt 0:03:00]} 13. Qc2 Rfd8 {[%emt 0:02:56]} 14. Bf1 {[%emt 0:01:51]} Ng4 {[%emt 0:03:22]} 15. h3 {[%emt 0:03:35]} Nge5 {[%emt 0:00:24]} 16. Rad1 {[%emt 0:00:34]} Bf6 {[%emt 0:00:45]} 17. Nxe5 {[%emt 0:01:36]} Bxe5 {[%emt 0:00:23]} 18. Nf3 {[%emt 0:01:02]} Bf6 {[%emt 0:01:04]} 19. a3 {[%emt 0:02:58]} Ne5 {[%emt 0:00:53]} 20. Nxe5 {[%emt 0:01:23]} Bxe5 {[%emt 0:00:04]} 21. Bg2 {[%emt 0:00:23]} Bg6 {[%emt 0:02:17]} 22. b4 {[%emt 0:01:15]} Bxb2 {[%emt 0:02:07]} 23. Qxb2 {[%emt 0:00:01]} Rd7 {[%emt 0:00:13]} 24. Qe2 {[%emt 0:01:22]} Rad8 {[%emt 0:00:10]} 25. c5 {[%emt 0:00:20]} e5 {[%emt 0:01:21]} 26. Bf3 {[%emt 0:00:35]} Rd4 {[%emt 0:00:30]} 27. Qe3 {[%emt 0:00:55]} f6 {[%emt 0:00:38]} 28. Rxd4 {[%emt 0:01:13]} Rxd4 {[%emt 0:00:09]} 29. Rd1 {[%emt 0:00:06]} Qd7 {[%emt 0:01:14]} 30. Rxd4 {[%emt 0:00:04]} exd4 {[%emt 0:00:52]} 31. Qd3 {[%emt 0:00:04]} Kf8 {[%emt 0:02:15]} 32. Kg2 {[%emt 0:00:16]} Bh7 {[%emt 0:01:33]} 33. Bg4 {[%emt 0:00:56]} Qd8 {[%emt 0:00:07]} 34. f4 {[%emt 0:00:08]} g5 {[%emt 0:00:13]} 35. f5 {[%emt 0:00:41]} Bg8 {[%emt 0:00:09]} 36. Bf3 {[%emt 0:00:06]} Kg7 {[%emt 0:00:13]} 37. g4 {[%emt 0:00:12]} Bf7 {[%emt 0:00:04]} 38. Kf2 {[%emt 0:00:16]} Qd7 {[%emt 0:00:07]} 39. Kg2 {[%emt 0:00:26]} Qd8 {[%emt 0:00:11]} 40. Kf2 {[%emt 0:00:12]} Qd7 {[%emt 0:00:03]} 41. Ke2 {[%emt 0:00:28]} Qd8 {[%emt 0:00:12]} 42. Kd2 {[%emt 0:00:14]} Qd7 {[%emt 0:00:18]} 43. Ke2 {[%emt 0:00:26]} Qd8 {[%emt 0:00:05]} 1/2-1/2

[Event "GX Alekhine Open de Verão semi-rápidas 2023"]
[Site "Lisboa, Portugal"]
[Date "????.??.??"]
[Round "1.4"]
[White "Zhang, Xin An"]
[Black "Silva, Jose Francisco De Martins Azevedo E"]
[Result "1-0"]
[WhiteElo "1626"]
[BlackElo "1254"]
[PlyCount "67"]

{[%evp 0,67,20,19,74,65,77,55,63,58,54,69,74,8,39,41,58,42,62,36,66,12,10,16,217,269,284,250,428,420,494,442,444,443,446,446,475,423,425,425,447,397,455,440,450,453,457,449,462,408,408,408,410,412,419,415,433,414,535,540,640,649,665,682,769,700,780,710,721,727]} 1. d4 {[%emt 0:50:12]} c6 {[%emt 0:00:05]} 2. Nf3 {[%emt 0:00:09]} e6 {[%emt 0:00:06]} 3. Bf4 {[%emt 0:00:38]} d5 {[%emt 0:00:06]} 4. e3 {[%emt 0:00:06]} Bd6 {[%emt 0:00:03]} 5. Ne5 {[%emt 0:00:18]} Nf6 {[%emt 0:00:17]} 6. c3 {[%emt 0:01:35]} O-O {[%emt 0:00:04]} 7. Bd3 {[%emt 0:00:05]} h6 {[%emt 0:00:13]} 8. Nd2 {[%emt 0:02:45]} Re8 {[%emt 0:00:57]} 9. h3 {[%emt 0:02:22]} c5 {[%emt 0:00:11]} 10. Bh2 {[%emt 0:00:21]} c4 {[%emt 0:00:03]} 11. Bc2 {[%emt 0:00:05]} Qb6 {[%emt 0:00:21]} 12. Ndxc4 {[%emt 0:02:07]} dxc4 {[%emt 0:00:05]} 13. Nxc4 {[%emt 0:00:02]} Qc7 {[%emt 0:00:05]} 14. Nxd6 {[%emt 0:00:07]} Re7 {[%emt 0:00:36]} 15. Nf5 {[%emt 0:00:23]} Qd7 {[%emt 0:00:10]} 16. Nxe7+ {[%emt 0:00:02]} Qxe7 {[%emt 0:00:01]} 17. e4 {[%emt 0:00:08]} Nc6 {[%emt 0:00:28]} 18. e5 {[%emt 0:00:10]} Nd5 {[%emt 0:00:09]} 19. O-O {[%emt 0:00:50]} Qg5 {[%emt 0:00:16]} 20. Be4 {[%emt 0:00:45]} Nf4 {[%emt 0:00:11]} 21. Qg4 {[%emt 0:00:26]} Qxg4 {[%emt 0:00:30]} 22. hxg4 {[%emt 0:00:02]} Nd5 {[%emt 0:01:01]} 23. c4 {[%emt 0:00:28]} Nb6 {[%emt 0:00:17]} 24. Bxc6 {[%emt 0:00:55]} bxc6 {[%emt 0:00:02]} 25. b3 {[%emt 0:00:14]} Bb7 {[%emt 0:00:06]} 26. Rfd1 {[%emt 0:00:39]} Rd8 {[%emt 0:00:03]} 27. Bf4 {[%emt 0:00:24]} Rd7 {[%emt 0:02:36]} 28. a4 {[%emt 0:00:28]} a5 {[%emt 0:00:04]} 29. Bd2 {[%emt 0:00:38]} Rxd4 {[%emt 0:00:05]} 30. Bxa5 {[%emt 0:00:03]} Rxd1+ {[%emt 0:00:07]} 31. Rxd1 {[%emt 0:00:01]} Nc8 {[%emt 0:00:31]} 32. Rd7 {[%emt 0:00:10]} Ba6 {[%emt 0:00:32]} 33. b4 {[%emt 0:00:10]} Bxc4 {[%emt 0:00:04]} 34. Rd8+ {[%emt 0:00:02]} 1-0

[Event "GX Alekhine Open de Verão semi-rápidas 2023"]
[Site "Lisboa, Portugal"]
[Date "????.??.??"]
[Round "1.3"]
[White "Moura, Miguel Tiago Rito"]
[Black "Miranda, Raul Augusto Barros"]
[Result "1/2-1/2"]
[WhiteElo "1254"]
[BlackElo "1638"]
[PlyCount "92"]

{[%evp 0,92,20,20,20,20,22,10,14,5,14,-2,21,25,56,3,-13,-20,8,17,30,12,30,35,40,13,16,5,2,4,25,30,38,0,-3,-3,-46,-96,-45,-76,-64,-95,-114,-86,-51,-129,-22,-161,-159,-158,-158,-200,-179,-178,-98,-69,-116,-79,-56,-60,-65,-56,-62,-27,-25,-62,-67,-67,-29,-69,-69,-69,-61,-64,13,10,10,12,12,12,12,20,8,16,15,15,15,15,15,15,9,14,10,10,10]} 1. e4 e5 {[%emt 0:00:05]} 2. Nf3 Nc6 {[%emt 0:00:02]} 3. Bc4 {[%emt 0:00:02]} Nf6 {[%emt 0:00:02]} 4. d3 {[%emt 0:00:03]} Bc5 {[%emt 0:00:06]} 5. c3 {[%emt 0:00:11]} d6 {[%emt 0:00:06]} 6. O-O {[%emt 0:00:03]} a5 {[%emt 0:00:13]} 7. Re1 {[%emt 0:00:19]} O-O {[%emt 0:00:03]} 8. Nbd2 {[%emt 0:00:06]} Bg4 {[%emt 0:00:24]} 9. Nf1 {[%emt 0:00:03]} Ne7 {[%emt 0:00:18]} 10. Be3 {[%emt 0:00:10]} Bxe3 {[%emt 0:00:57]} 11. Nxe3 {[%emt 0:00:06]} Ng6 {[%emt 0:00:16]} 12. h3 {[%emt 0:00:53]} Be6 {[%emt 0:00:19]} 13. Qc2 {[%emt 0:01:35]} Bxc4 {[%emt 0:00:27]} 14. Nxc4 {[%emt 0:00:07]} Nf4 {[%emt 0:00:10]} 15. d4 {[%emt 0:00:22]} b5 {[%emt 0:03:28]} 16. dxe5 {[%emt 0:00:58]} bxc4 {[%emt 0:00:17]} 17. exf6 {[%emt 0:00:03]} Qxf6 {[%emt 0:00:06]} 18. Qd2 {[%emt 0:01:44]} Nd3 {[%emt 0:01:42]} 19. Re2 {[%emt 0:01:23]} a4 {[%emt 0:00:04]} 20. Rd1 {[%emt 0:00:39]} Rab8 {[%emt 0:00:42]} 21. Rb1 {[%emt 0:00:49]} a3 {[%emt 0:02:05]} 22. b3 {[%emt 0:00:20]} Nb2 {[%emt 0:00:04]} 23. Qd4 {[%emt 0:02:42]} cxb3 {[%emt 0:01:43]} 24. Qxf6 {[%emt 0:02:05]} gxf6 {[%emt 0:00:03]} 25. Ra1 {[%emt 0:00:57]} bxa2 {[%emt 0:01:02]} 26. Rxa2 {[%emt 0:00:10]} Rb3 {[%emt 0:00:03]} 27. Nd4 {[%emt 0:01:01]} Rxc3 {[%emt 0:00:32]} 28. Nb5 {[%emt 0:00:10]} Rc1+ {[%emt 0:00:28]} 29. Kh2 {[%emt 0:00:09]} Rb8 {[%emt 0:03:54]} 30. Nxa3 {[%emt 0:00:35]} Na4 {[%emt 0:00:21]} 31. Rec2 {[%emt 0:01:37]} Rxc2 {[%emt 0:01:44]} 32. Nxc2 {[%emt 0:00:26]} Nc3 {[%emt 0:00:04]} 33. Ra7 {[%emt 0:00:46]} Nxe4 {[%emt 0:00:19]} 34. Rxc7 {[%emt 0:00:28]} Nxf2 {[%emt 0:00:02]} 35. Ne3 {[%emt 0:00:19]} Ne4 {[%emt 0:00:24]} 36. Nf5 {[%emt 0:00:20]} Rd8 {[%emt 0:00:36]} 37. Nh6+ {[%emt 0:01:13]} Kf8 {[%emt 0:01:07]} 38. Rxf7+ {[%emt 0:00:44]} Ke8 {[%emt 0:00:02]} 39. Rxh7 {[%emt 0:00:30]} d5 {[%emt 0:00:13]} 40. Nf5 {[%emt 0:00:42]} Rd7 {[%emt 0:01:04]} 41. Rh8+ {[%emt 0:01:29]} Kf7 {[%emt 0:00:02]} 42. Rh7+ {[%emt 0:00:14]} Ke6 {[%emt 0:00:01]} 43. Nd4+ {[%emt 0:00:26]} Kd6 {[%emt 0:00:34]} 44. Nb5+ {[%emt 0:00:34]} Kc6 {[%emt 0:00:11]} 45. Nd4+ {[%emt 0:00:07]} Kd6 {[%emt 0:00:02]} 46. Nb5+ {[%emt 0:00:01]} Kc6 {[%emt 0:00:01]} 1/2-1/2

[Event "GX Alekhine Open de Verão semi-rápidas 2023"]
[Site "Lisboa, Portugal"]
[Date "????.??.??"]
[Round "1.1"]
[White "Ferreira, Vasco Capitao Mendes"]
[Black "Curado, Manuel Joao Ferro"]
[Result "1/2-1/2"]
[WhiteElo "1327"]
[BlackElo "1880"]
[PlyCount "76"]

{[%evp 0,76,20,20,20,22,22,14,14,9,42,21,29,27,29,-2,8,25,12,25,21,3,25,-16,-1,3,28,17,25,-1,19,8,21,11,19,-25,-18,-50,-37,-58,-43,-65,-74,-81,-7,-43,-60,-65,-65,-65,3,-61,-61,-48,-65,-122,-51,-63,-52,-57,-36,-71,-77,-52,-98,-97,-25,-32,-27,-55,-50,-68,-60,-61,-63,-47,-16,-17,0]} 1. e4 {[%emt 0:50:12]} e5 2. Nf3 {[%emt 0:00:01]} Nf6 {[%emt 0:00:03]} 3. Nc3 {[%emt 0:00:01]} Nc6 {[%emt 0:00:01]} 4. Bb5 {[%emt 0:00:04]} d6 {[%emt 0:00:05]} 5. a3 {[%emt 0:00:23]} Be7 {[%emt 0:00:13]} 6. O-O {[%emt 0:00:03]} O-O {[%emt 0:00:02]} 7. h3 {[%emt 0:00:04]} Bd7 {[%emt 0:00:04]} 8. d3 {[%emt 0:00:04]} h6 {[%emt 0:00:11]} 9. Re1 {[%emt 0:00:22]} a6 {[%emt 0:00:19]} 10. Ba4 {[%emt 0:00:02]} Qc8 {[%emt 0:02:11]} 11. Kh2 {[%emt 0:00:33]} b5 {[%emt 0:00:58]} 12. Bb3 {[%emt 0:00:05]} Re8 {[%emt 0:01:56]} 13. Bd2 {[%emt 0:03:21]} Rb8 {[%emt 0:01:18]} 14. Ne2 {[%emt 0:02:57]} Bf8 {[%emt 0:02:42]} 15. Ng3 {[%emt 0:00:19]} Ne7 {[%emt 0:02:08]} 16. Nh4 {[%emt 0:02:21]} c5 {[%emt 0:00:35]} 17. Qc1 {[%emt 0:01:30]} d5 {[%emt 0:02:53]} 18. exd5 {[%emt 0:03:07]} Nexd5 {[%emt 0:00:13]} 19. Bxd5 {[%emt 0:00:30]} Nxd5 {[%emt 0:00:46]} 20. Nf3 f6 {[%emt 0:03:42]} 21. Ne4 {[%emt 0:02:00]} Rb6 {[%emt 0:01:50]} 22. c4 {[%emt 0:03:18]} bxc4 {[%emt 0:02:37]} 23. dxc4 {[%emt 0:00:04]} Nc7 {[%emt 0:00:35]} 24. Ba5 {[%emt 0:00:58]} Rc6 {[%emt 0:00:34]} 25. Bxc7 {[%emt 0:00:05]} Qxc7 {[%emt 0:00:09]} 26. Kg1 {[%emt 0:00:33]} Rb6 {[%emt 0:00:34]} 27. Nc3 {[%emt 0:00:57]} Be6 {[%emt 0:00:03]} 28. Nd5 {[%emt 0:00:25]} Bxd5 {[%emt 0:00:02]} 29. cxd5 {[%emt 0:00:01]} Qb7 {[%emt 0:00:03]} 30. Qc4 {[%emt 0:01:32]} Rxb2 {[%emt 0:00:52]} 31. d6+ {[%emt 0:00:36]} Qf7 {[%emt 0:00:23]} 32. Qxc5 {[%emt 0:00:50]} Qd7 {[%emt 0:01:14]} 33. Qc4+ {[%emt 0:00:24]} Kh8 {[%emt 0:00:45]} 34. Qxa6 {[%emt 0:00:07]} Qxd6 {[%emt 0:00:09]} 35. Qxd6 {[%emt 0:00:02]} Bxd6 {[%emt 0:00:01]} 36. Red1 {[%emt 0:00:43]} Bc5 {[%emt 0:00:04]} 37. Rd2 {[%emt 0:00:15]} Rxd2 {[%emt 0:00:12]} 38. Nxd2 {[%emt 0:00:01]} Rd8 {[%emt 0:00:18]} 1/2-1/2

[Event "GX Alekhine Open de Verão semi-rápidas 2023"]
[Site "Lisboa, Portugal"]
[Date "????.??.??"]
[Round "2.2"]
[White "Ramos, Caetano Da Motta Lima Souza"]
[Black "Bravo, Ricardo Antonio Rodrigues Guerreiro Piçarra"]
[Result "0-1"]
[WhiteElo "1581"]
[BlackElo "1404"]
[PlyCount "48"]

{[%evp 0,48,20,14,41,44,44,0,-5,-5,-2,-1,-6,-15,39,29,51,46,34,27,59,-12,12,-50,-42,-57,-37,-47,-50,-83,-5,-104,-101,-164,-279,-270,-83,-309,-315,-315,-323,-751,-752,-809,-807,-964,-821,-854,-856,-29983,-29986]} 1. e4 {[%emt 0:00:02]} e6 {[%emt 0:00:02]} 2. d4 {[%emt 0:00:06]} d5 {[%emt 0:00:02]} 3. Bd3 {[%emt 0:00:26]} dxe4 {[%emt 0:00:10]} 4. Bxe4 {[%emt 0:00:05]} Nf6 {[%emt 0:00:02]} 5. Bf3 {[%emt 0:00:05]} c5 {[%emt 0:00:27]} 6. Ne2 {[%emt 0:01:30]} Nbd7 {[%emt 0:01:29]} 7. O-O {[%emt 0:01:37]} Bd6 {[%emt 0:00:48]} 8. Nbc3 {[%emt 0:01:52]} O-O {[%emt 0:00:33]} 9. Be3 {[%emt 0:01:12]} a6 {[%emt 0:01:10]} 10. Na4 {[%emt 0:03:59]} cxd4 {[%emt 0:01:29]} 11. Nxd4 {[%emt 0:00:06]} Qc7 {[%emt 0:00:33]} 12. h3 {[%emt 0:00:30]} Rb8 {[%emt 0:00:33]} 13. Nc3 {[%emt 0:00:45]} Ne5 {[%emt 0:03:41]} 14. Be2 {[%emt 0:00:17]} Nc4 {[%emt 0:00:27]} 15. Bc1 {[%emt 0:04:40]} Rd8 {[%emt 0:03:29]} 16. b3 {[%emt 0:01:07]} Nb6 {[%emt 0:00:23]} 17. Bb2 {[%emt 0:01:07]} Be5 {[%emt 0:00:11]} 18. Na4 {[%emt 0:02:38]} Nxa4 {[%emt 0:00:48]} 19. bxa4 {[%emt 0:00:01]} Qb6 {[%emt 0:01:43]} 20. a5 {[%emt 0:03:00]} Qxb2 {[%emt 0:00:07]} 21. Nc6 {[%emt 0:00:04]} Rxd1 {[%emt 0:00:22]} 22. Raxd1 {[%emt 0:00:04]} Bd7 {[%emt 0:01:14]} 23. Nxb8 {[%emt 0:00:20]} Bxb8 {[%emt 0:00:02]} 24. g4 {[%emt 0:00:32]} Qe5 {[%emt 0:00:05]} 0-1

[Event "GX Alekhine Open de Verão semi-rápidas 2023"]
[Site "Lisboa, Portugal"]
[Date "????.??.??"]
[Round "2.3"]
[White "Carvalho, Diogo Bobone"]
[Black "Mourao, Martim De Oliveira"]
[Result "1-0"]
[WhiteElo "1339"]
[BlackElo "1542"]
[PlyCount "53"]

{[%evp 0,53,20,-16,-16,-18,-17,-21,-10,-6,-2,-19,-13,-9,-6,-10,1,-5,2,0,0,0,0,3,8,6,26,17,16,22,23,23,28,21,35,39,39,25,39,-46,72,72,77,72,71,43,52,28,25,42,-14,0,278,279,280,180]} 1. c4 {[%emt 0:00:02]} e5 {[%emt 0:00:07]} 2. Nc3 {[%emt 0:00:03]} Nf6 {[%emt 0:00:16]} 3. e4 {[%emt 0:00:04]} Bb4 {[%emt 0:00:52]} 4. d3 {[%emt 0:00:06]} d6 {[%emt 0:00:25]} 5. Bd2 {[%emt 0:00:50]} O-O {[%emt 0:00:11]} 6. a3 {[%emt 0:00:58]} Bxc3 {[%emt 0:00:54]} 7. Bxc3 {[%emt 0:00:12]} Nc6 {[%emt 0:00:30]} 8. Nf3 {[%emt 0:00:10]} Bg4 {[%emt 0:00:38]} 9. Be2 {[%emt 0:00:22]} Bxf3 {[%emt 0:01:09]} 10. Bxf3 {[%emt 0:00:08]} Re8 {[%emt 0:00:39]} 11. O-O {[%emt 0:00:23]} Qd7 {[%emt 0:02:22]} 12. b4 {[%emt 0:01:37]} Rad8 {[%emt 0:00:45]} 13. b5 {[%emt 0:00:49]} Nd4 {[%emt 0:01:03]} 14. Bxd4 {[%emt 0:00:23]} exd4 {[%emt 0:00:02]} 15. a4 {[%emt 0:01:13]} c5 {[%emt 0:00:37]} 16. a5 {[%emt 0:01:34]} h6 {[%emt 0:01:28]} 17. a6 {[%emt 0:00:57]} b6 {[%emt 0:00:10]} 18. Re1 {[%emt 0:01:16]} Nh7 {[%emt 0:00:17]} 19. e5 {[%emt 0:01:08]} dxe5 {[%emt 0:02:20]} 20. Bc6 {[%emt 0:00:15]} Qf5 {[%emt 0:00:08]} 21. Bxe8 {[%emt 0:03:02]} Rxe8 {[%emt 0:00:02]} 22. Re4 {[%emt 0:02:31]} Ng5 {[%emt 0:00:33]} 23. Qg4 {[%emt 0:00:18]} Qg6 {[%emt 0:00:09]} 24. Qd7 {[%emt 0:01:51]} f5 {[%emt 0:00:56]} 25. Qd5+ {[%emt 0:00:31]} Qe6 {[%emt 0:00:23]} 26. Rxe5 {[%emt 0:00:18]} Qxd5 {[%emt 0:06:10]} 27. Rxe8+ {[%emt 0:00:09]} 1-0

[Event "GX Alekhine Open de Verão semi-rápidas 2023"]
[Site "Lisboa, Portugal"]
[Date "????.??.??"]
[Round "2.1"]
[White "Goncalves, Carlos Manuel Marques"]
[Black "Zhang, Xin An"]
[Result "0-1"]
[WhiteElo "1473"]
[BlackElo "1626"]
[PlyCount "72"]

{[%evp 0,72,15,22,27,-5,15,18,16,17,26,26,16,20,75,40,41,24,60,39,59,43,43,24,32,35,28,28,26,33,33,13,34,14,17,26,46,-31,-25,-29,-27,2,14,26,15,15,29,0,0,22,7,0,58,62,81,81,90,90,100,99,99,-519,2,-291,-294,-288,-294,-855,-856,-1364,-1432,-1604,-1832,-1967,-1967]} 1. Nf3 {[%emt 0:00:02]} Nf6 {[%emt 0:00:02]} 2. g3 {[%emt 0:00:03]} e6 {[%emt 0:00:07]} 3. Bg2 {[%emt 0:00:10]} d5 {[%emt 0:00:02]} 4. O-O {[%emt 0:00:07]} b6 {[%emt 0:00:16]} 5. c4 {[%emt 0:00:40]} Bb7 {[%emt 0:00:55]} 6. d4 {[%emt 0:01:01]} c5 {[%emt 0:03:00]} 7. Bg5 {[%emt 0:02:42]} Be7 {[%emt 0:00:54]} 8. Nc3 {[%emt 0:00:37]} O-O {[%emt 0:02:58]} 9. dxc5 {[%emt 0:03:33]} bxc5 {[%emt 0:00:21]} 10. cxd5 {[%emt 0:00:56]} Nxd5 {[%emt 0:01:41]} 11. Bxe7 {[%emt 0:02:02]} Qxe7 {[%emt 0:00:16]} 12. Qb3 {[%emt 0:00:48]} Nxc3 {[%emt 0:03:08]} 13. Qxc3 {[%emt 0:00:09]} Nd7 {[%emt 0:00:36]} 14. Rac1 {[%emt 0:00:54]} Rfc8 {[%emt 0:00:36]} 15. h4 {[%emt 0:02:03]} Bd5 {[%emt 0:00:51]} 16. Qc2 {[%emt 0:00:34]} Rab8 {[%emt 0:00:40]} 17. b3 {[%emt 0:01:13]} c4 {[%emt 0:00:57]} 18. Qb1 {[%emt 0:02:27]} cxb3 {[%emt 0:01:19]} 19. axb3 {[%emt 0:01:30]} Rxc1 {[%emt 0:00:53]} 20. Rxc1 {[%emt 0:00:03]} Rxb3 {[%emt 0:02:24]} 21. Rc8+ {[%emt 0:00:51]} Nf8 {[%emt 0:00:10]} 22. Qc2 {[%emt 0:00:05]} Rb7 {[%emt 0:02:53]} 23. Ng5 {[%emt 0:00:56]} g6 {[%emt 0:00:24]} 24. Bxd5 {[%emt 0:00:33]} exd5 {[%emt 0:00:02]} 25. Qc6 {[%emt 0:00:59]} Qd7 {[%emt 0:02:06]} 26. Qc5 {[%emt 0:00:31]} Qe7 {[%emt 0:00:20]} 27. Qxd5 {[%emt 0:00:11]} h6 {[%emt 0:00:18]} 28. Ne4 {[%emt 0:00:39]} Kg7 {[%emt 0:01:08]} 29. Qd4+ {[%emt 0:01:15]} f6 {[%emt 0:00:20]} 30. Rd8 {[%emt 0:00:37]} Rb4 {[%emt 0:00:12]} 31. Qd3 {[%emt 0:01:44]} Rxe4 {[%emt 0:00:06]} 32. e3 {[%emt 0:00:16]} Rb4 {[%emt 0:00:10]} 33. Ra8 {[%emt 0:00:22]} Qb7 {[%emt 0:00:07]} 34. Rxf8 {[%emt 0:00:08]} Rb1+ {[%emt 0:00:12]} 35. Qxb1 {[%emt 0:00:15]} Qxb1+ {[%emt 0:00:01]} 36. Kg2 {[%emt 0:00:02]} Kxf8 {[%emt 0:00:03]} 0-1

[Event "GX Alekhine Open de Verão semi-rápidas 2023"]
[Site "Lisboa, Portugal"]
[Date "????.??.??"]
[Round "3.3"]
[White "Vedor, Bernardo Marques"]
[Black "Carvalho, Diogo Bobone"]
[Result "1-0"]
[WhiteElo "1513"]
[BlackElo "1339"]
[PlyCount "69"]

{[%evp 0,69,21,14,14,14,22,18,33,6,16,41,37,11,56,56,60,58,58,37,75,22,107,62,84,25,89,68,72,46,75,80,94,82,140,64,50,51,50,36,117,76,121,116,110,75,89,73,79,84,85,86,86,86,92,91,90,92,95,87,109,94,114,81,77,75,192,191,216,221,251,251]} 1. e4 {[%emt 0:00:14]} e5 {[%emt 0:00:09]} 2. Nf3 {[%emt 0:00:02]} Nc6 {[%emt 0:00:11]} 3. Bb5 {[%emt 0:00:02]} Nd4 {[%emt 0:00:26]} 4. Nxd4 {[%emt 0:00:04]} exd4 {[%emt 0:00:01]} 5. O-O {[%emt 0:00:28]} c6 {[%emt 0:00:45]} 6. Bc4 {[%emt 0:00:07]} d5 {[%emt 0:00:15]} 7. exd5 {[%emt 0:00:09]} cxd5 {[%emt 0:00:03]} 8. Bb5+ {[%emt 0:00:15]} Bd7 {[%emt 0:00:19]} 9. Qe2+ {[%emt 0:01:51]} Be7 {[%emt 0:03:07]} 10. Re1 {[%emt 0:00:54]} a6 {[%emt 0:00:53]} 11. Bxd7+ {[%emt 0:00:36]} Qxd7 {[%emt 0:00:12]} 12. b3 {[%emt 0:01:12]} Kf8 {[%emt 0:04:40]} 13. Bb2 {[%emt 0:01:26]} Bc5 {[%emt 0:00:39]} 14. d3 {[%emt 0:01:35]} Nf6 {[%emt 0:01:20]} 15. Nd2 {[%emt 0:00:50]} Re8 {[%emt 0:00:43]} 16. Qf1 {[%emt 0:00:31]} Bb4 {[%emt 0:02:11]} 17. Re2 {[%emt 0:01:20]} Bc3 {[%emt 0:00:39]} 18. Bxc3 {[%emt 0:01:14]} dxc3 {[%emt 0:00:03]} 19. Nf3 {[%emt 0:00:23]} d4 {[%emt 0:01:30]} 20. Rae1 {[%emt 0:00:14]} g6 {[%emt 0:03:37]} 21. Rxe8+ {[%emt 0:00:19]} Nxe8 {[%emt 0:00:11]} 22. Qe2 {[%emt 0:00:02]} Kg7 {[%emt 0:01:56]} 23. Qe5+ {[%emt 0:00:18]} Nf6 {[%emt 0:01:02]} 24. Qxd4 {[%emt 0:00:43]} Qxd4 {[%emt 0:00:53]} 25. Nxd4 {[%emt 0:00:02]} Rd8 {[%emt 0:00:28]} 26. Nf3 {[%emt 0:01:00]} Kf8 {[%emt 0:00:44]} 27. Kf1 {[%emt 0:00:56]} b5 {[%emt 0:00:32]} 28. a3 {[%emt 0:00:41]} Nd5 {[%emt 0:00:56]} 29. Re4 {[%emt 0:00:38]} a5 {[%emt 0:00:11]} 30. Ne5 {[%emt 0:01:30]} Nf6 {[%emt 0:00:41]} 31. Rf4 {[%emt 0:01:26]} Kg7 {[%emt 0:00:25]} 32. Nc6 {[%emt 0:00:59]} Nd5 {[%emt 0:00:36]} 33. Rxf7+ {[%emt 0:00:35]} Kxf7 {[%emt 0:00:03]} 34. Nxd8+ {[%emt 0:00:03]} Ke7 {[%emt 0:00:03]} 35. Nc6+ {[%emt 0:00:03]} 1-0

[Event "GX Alekhine Open de Verão semi-rápidas 2023"]
[Site "Lisboa, Portugal"]
[Date "????.??.??"]
[Round "3.1"]
[White "Zhang, Xin An"]
[Black "Marques, Miguel Alexandre Gomes"]
[Result "1-0"]
[WhiteElo "1626"]
[BlackElo "1496"]
[PlyCount "60"]

{[%evp 0,60,22,22,27,26,29,22,40,34,43,29,50,34,50,35,37,35,66,45,56,50,31,50,53,27,27,16,15,20,10,19,27,35,31,24,22,29,172,175,254,211,217,100,146,149,156,137,276,268,276,282,570,428,424,424,412,422,679,745,757,870,1206]} 1. d4 {[%emt 0:00:01]} Nf6 {[%emt 0:00:04]} 2. Nf3 {[%emt 0:00:02]} e6 {[%emt 0:00:15]} 3. Bf4 {[%emt 0:00:06]} b6 {[%emt 0:00:04]} 4. e3 {[%emt 0:00:24]} Bb7 {[%emt 0:00:31]} 5. Nbd2 {[%emt 0:00:05]} c5 {[%emt 0:00:09]} 6. c3 {[%emt 0:00:04]} cxd4 {[%emt 0:00:42]} 7. exd4 {[%emt 0:00:15]} h6 {[%emt 0:00:35]} 8. Bd3 {[%emt 0:01:16]} d5 {[%emt 0:01:28]} 9. O-O {[%emt 0:00:07]} Bd6 {[%emt 0:00:35]} 10. Ne5 {[%emt 0:00:21]} O-O {[%emt 0:01:06]} 11. Re1 {[%emt 0:01:36]} Bc7 {[%emt 0:01:08]} 12. h3 {[%emt 0:00:44]} Nbd7 {[%emt 0:00:30]} 13. Bh2 {[%emt 0:02:00]} Nxe5 {[%emt 0:00:41]} 14. Bxe5 {[%emt 0:00:22]} Bxe5 {[%emt 0:00:34]} 15. Rxe5 {[%emt 0:00:18]} Nd7 {[%emt 0:00:43]} 16. Re3 {[%emt 0:00:13]} Re8 {[%emt 0:01:12]} 17. f4 {[%emt 0:00:29]} Qh4 {[%emt 0:01:16]} 18. Qf3 {[%emt 0:02:46]} f6 {[%emt 0:03:45]} 19. Rae1 {[%emt 0:02:20]} e5 {[%emt 0:00:55]} 20. fxe5 {[%emt 0:01:24]} fxe5 {[%emt 0:00:23]} 21. Bb5 {[%emt 0:04:39]} Rf8 {[%emt 0:02:25]} 22. Qg3 {[%emt 0:00:50]} Qxg3 {[%emt 0:02:24]} 23. Rxg3 {[%emt 0:00:01]} Rad8 {[%emt 0:02:01]} 24. dxe5 {[%emt 0:01:02]} a6 {[%emt 0:00:56]} 25. e6 {[%emt 0:00:50]} Rfe8 {[%emt 0:01:42]} 26. e7 {[%emt 0:00:34]} axb5 {[%emt 0:00:19]} 27. exd8=Q {[%emt 0:00:05]} Rxd8 {[%emt 0:00:02]} 28. Re7 {[%emt 0:00:13]} Nc5 {[%emt 0:00:41]} 29. Rgxg7+ {[%emt 0:00:03]} Kf8 {[%emt 0:00:15]} 30. Nf3 {[%emt 0:00:53]} Nd3 {[%emt 0:00:47]} 1-0